• 首页
  • 本馆介绍
  • 公告通知
  • 最新文献
  • 馆藏检索
  • 电子资源
  • 读者导购
  • 参考咨询
  • 我的图书馆
  • 登录
  • 详细信息显示
  • 放入我的书架
  • 预约/预借图书
  • 作者相关作品
  • 分类相关作品
  • 丛书相关作品
  • 出版社相关作品

书目信息

  • 表格格式
  • 工作单格式
  • 卡片格式
题名:
剑桥雅思真题全解:3·4·5
    
 
作者: 胡敏 主编
分册:  
出版信息: 北京   中国广播电视出版社  2006
页数: 480页
开本: 26cm
丛书名:
单 册:
中图分类: H310.41
科图分类:
主题词: 英语--解题--高等教育 , 英语
电子资源:
ISBN: 978-7-5043-5150-0
000 00818nam0 2200253 45
001 1050941703
005 20100416095255.45
010    @a978-7-5043-5150-0@dCNY39.00
100    @a20100409e20082006em y0chiy0110 ea
101 0  @achi@aeng@deng
102    @aCN@b110000
105    @ay q 000yy
106    @ar
200 1  @a剑桥雅思真题全解:3·4·5@AJian Qiao Ya Si Zhen Ti Quan Jie :3·4·5@f胡敏主编@FHu Min Zhu Bian
210    @a北京@c中国广播电视出版社@d2006@h2008
215    @a480页@d26cm
300    @a北京新航道学校雅思考试(IELTS)培训教材
330    @a本书包括剑桥雅思真题全解3、剑桥雅思真题全解4、剑桥雅思真题全解5三部分。
606 0  @a英语@x解题@x高等教育
606 0  @a英语
690    @aH310.41@v4
701  0 @a胡敏@AHu Min@4主编
801  0 @aCN@bTANGWEI@c20100416
905    @b0591982-86@dH310.41@e1491@f5
    
    剑桥雅思真题全解:3·4·5/胡敏主编.-北京:中国广播电视出版社,2006(2008)
    480页;26cm
    北京新航道学校雅思考试(IELTS)培训教材
    
    ISBN 978-7-5043-5150-0:CNY39.00
    本书包括剑桥雅思真题全解3、剑桥雅思真题全解4、剑桥雅思真题全解5三部分。
●
相关链接 在E读中查询图书 在五车中查询图书 在当当中查询图书 在豆瓣中查询图书


正题名:剑桥雅思真题全解:3·4·5     索取号:H310.41/1491         预约/预借

序号 登录号 条形码 馆藏地/架位号 状态 备注
1 0591982   205919826   第二样本阅览室/ [索取号:H310.41/1491] 在馆    
2 0591983   205919835   第四借阅区/ [索取号:H310.41/1491] 在馆    
3 0591984   205919844   第四借阅区/ [索取号:H310.41/1491] 在馆    
4 0591985   205919853   第四借阅区/ [索取号:H310.41/1491] 在馆    
5 0591986   205919862   第四借阅区/ [索取号:H310.41/1491] 在馆    
唐山师范学院图书馆 欢迎您!
大连网信软件有限公司© 版权所有